Development through life: A psychosocial approach

保存先:
書誌詳細
第一著者: Barbara M Newman
フォーマット: 図書
言語:Undetermined
出版事項: Pacific Grove, California Brooks/Cole 1991
主題:
タグ: タグ追加
タグなし, このレコードへの初めてのタグを付けませんか!
Thư viện lưu trữ: Trung tâm Học liệu Trường Đại học Cần Thơ
LEADER 00535nam a2200181Ia 4500
001 CTU_40903
008 210402s9999 xx 000 0 und d
082 |a 155 
082 |b N552 
100 |a Barbara M Newman 
245 0 |a Development through life: A psychosocial approach 
245 0 |c Barbara M Newman, Philip R Newman 
260 |a Pacific Grove, California 
260 |b Brooks/Cole 
260 |c 1991 
650 |a developmental psychology 
904 |i Minh, 010419 
980 |a Trung tâm Học liệu Trường Đại học Cần Thơ